Revista de Derecho Social

Detalles Bibliográficos
Formato: Revista
Lenguaje:español
Publicado: Barcelona : Editorial vLex, 2007 -
Materias:
Acceso en línea:Acceso restringido

MARC

LEADER 00000nas a22000007a 4500
005 20110912100457.0
008 110912c2007 sp qn|p|s|||| 00| b1spa d
035 |a 5713 
040 |a vLex 
090 |c 2415  |d 2415 
245 0 0 |a Revista de Derecho Social  |h [Recurso electrn̤ico] 
256 |a Servicio en ln̕ea. 
260 |a Barcelona :  |b Editorial vLex,  |c 2007 - 
300 |a 1 recurso electrn̤ico 
310 |a Trimestral 
362 |a Nm︢. 1 (2007) - 
506 1 |a Contenido solo disponible en los productos indicados  |d vLex Global  |d vLex Global (Academic Edition, excluding Law Schools)  |d vLex Global (U.S. Academic Edition, Law Schools)  |d vLex Global (U.S. Academic Edition, excluding Law Schools)  |d vLex Global (Academic Edition, Law Schools) 
650 0 4 |a Derecho social  |z Espaą 
740 0 |a vLex Revistas (Servicio en ln̕ea) 
856 4 0 |u http://vlex.com/source/revista-derecho-social-5713  |z Acceso restringido 
942 |c REV